000 00798nam a2200241 i 4500
001 bgj
100 1 _aWOOD, Tim
245 1 0 _aThe Stuarts /
_cTim Wood ; illustrated by Peter Dennis.
260 _aLeicestershire, UK :
_bLadybird,
_c1994.
300 _a56 pp :
_bill. ;
_c21 cm.
490 1 _aA History of Britain / School of History. University of Bristol, series consultant
505 _aIncludes glossary and index.
650 9 _aStuarts
651 9 _aGreat Britain
_xHistory
_y1600-1707
700 1 _aDENNIS, Peter.
_eill.
830 0 _aA History of Britain (School of History. University of Bristol, series consultant)
020 _a0721433707 (pbk)
040 _cBPK
041 0 _aeng
920 _a0-7214-3370-7 (pbk)
942 _cKS
008 s uk f |000 0 eng
999 _c48007
_d48007
856 _uhttp://koha.tu.koszalin.pl/cgi-bin/koha/opac-detail.pl?biblionumber=48007
_yKatalog online BPK